00350nam a2200121Ia 4500008004100000041001200041082002200053100002100075245007300096260002700169300001200196650002000208231217s9999 xx 000 0 und d aEnglish a658.4093 MCR 'R' aMcRae, Bradley C 0aPractical time management : How to get more things done in less time c1999bMumbai : Jaico,  axiv+127 aTime management